| 000 | 01012nam a2200265Ia 4500 | ||
|---|---|---|---|
| 003 | OSt | ||
| 005 | 20221005103429.0 | ||
| 006 | a|||||r|||| 00| 0 | ||
| 007 | ta | ||
| 008 | 221004b |||||||| |||| 00| 0 hin d | ||
| 020 |
_a9789383099351 (hbk) _c795 |
||
| 024 | _a24611 | ||
| 037 |
_b60, 30/12/2015, Mallika Books _cTextual |
||
| 040 |
_aCRL _cCRL _bhin |
||
| 041 |
_2hin _ahin |
||
| 082 | _aO152,2N38:g, Q4 | ||
| 100 | _aडोडीया, भरतसिंह | ||
| 245 | 0 |
_aहमीदुल्ला का नाट्य साहित्य _b एक अध्ययन |
|
| 246 | _aHamīdullā kā nāṭya sāhitya: ek adhyayana | ||
| 260 |
_aजयपुर _bपैराडाइज पब्लिशर्स भारत _c2014 |
||
| 300 |
_a168पृ0 _ccm. |
||
| 650 | _aहिन्दी साहित्य | ||
| 942 |
_hO152,2N38:g, Q4 _cTEXL _2cc |
||
| 999 |
_c1010077 _d1010077 |
||